Mistérios da Pindorama (Record no. 106851)
[ view plain ]
| 000 -LÍDER | |
|---|---|
| campo de controle de tamanho fixo | 00664 a2200253 4500 |
| 001 - NÚMERO DE CONTROLE | |
| campo de controle | 106851 |
| 020 ## - ISBN - INTERNATIONAL STANDARD BOOK NUMBER | |
| ISBN - International Standard Book Number | 9788587914026 |
| 041 ## - CÓDIGO DE IDIOMA | |
| Código do idioma do texto/trilha sonora ou título diferente | por |
| 082 ## - CDD - CLASSIFICAÇÃO DECIMAL DE DEWEY | |
| Número de Classificação | P Year 5 028 |
| 040 ## - FONTE DA CATALOGAÇÃO | |
| Instituição da catalogação original | BR-BrIDEA |
| Instituição que transcreveu o registro | BR-BrIDEA |
| 090 ## - NÚMERO DE CHAMADA LOCAL | |
| Número de chamada (OCLC) (R); Número de chamada, CALL (RLIN) (NR) | P Year 5 028 |
| Número Cutter local (OCLC); Número de classificação do livro, CALL (RLIN) | VIL |
| 100 ## - ENTRADA PRINCIPAL--NOME PESSOAL | |
| Nome pessoal | Villas Boas, Marion. |
| 250 ## - EDIÇÃO | |
| Edição | 3. ed. |
| 245 10 - TÍTULO | |
| Título | Mistérios da Pindorama |
| Indicação de responsabilidade, etc. | Marion Villas Boas |
| 260 ## - PUBLICAÇÃO, DISTRIBUIÇÃO, ETC. | |
| Local de publicação, distribuição, etc. | Rio de Janeiro |
| Nome do editor, distribuidor, etc. | Biruta |
| Data da publicação, distribuição, etc. | 2005 |
| 300 ## - DESCRIÇÃO FÍSICA | |
| Extensão | 63 p. |
| 521 ## - NOTA DO PÚBLICO ALVO | |
| Nota de público alvo | Year 5 |
| 697 ## - ENTRADA DE ASSUNTO LOCAL--ENTIDADE COLETIVA (RLIN) | |
| Nome corporativo ou nome da jurisdição | Folclore |
| 697 ## - ENTRADA DE ASSUNTO LOCAL--ENTIDADE COLETIVA (RLIN) | |
| Nome corporativo ou nome da jurisdição | Literatura infantil |
| 697 ## - ENTRADA DE ASSUNTO LOCAL--ENTIDADE COLETIVA (RLIN) | |
| Nome corporativo ou nome da jurisdição | Educação ambiental - - Literatura infanto-juvenil. |
| 697 ## - ENTRADA DE ASSUNTO LOCAL--ENTIDADE COLETIVA (RLIN) | |
| Nome corporativo ou nome da jurisdição | Literatura infantojuvenil |
| 856 ## - LOCALIZAÇÃO ELETRÔNICA E ACESSO | |
| Uniform Resource Identifier | <a href="000010/000010a6.jpg">000010/000010a6.jpg</a> |
| 942 ## - ELEMENTOS DE ENTRADA ADICIONADOS (KOHA) | |
| Tipo de material Koha | Livros |
| Situação do descarte | Situação das perdas | Fonte da classificação ou esquema de arquivamento na estante | Situação física | Não pode ser emprestado | Biblioteca de origem | Biblioteca atual | Data de aquisição | Total de empréstimos | Número de chamada completo | Código de barras | Data de último acesso | Data do preço efetivo | Tipo de material Koha | Data do último empréstimo |
|---|---|---|---|---|---|---|---|---|---|---|---|---|---|---|
| Classificação Decimal de Dewey | ECB - SUDOESTE | ECB - SUDOESTE | 19/09/2014 | P Year 5 028 | 00010315SSW | 23/01/2024 | 23/01/2024 | Livros | ||||||
| Classificação Decimal de Dewey | ECB - SUDOESTE | ECB - SUDOESTE | 19/09/2014 | P Year 5 028 | 00010314SSW | 23/01/2024 | 23/01/2024 | Livros | ||||||
| Classificação Decimal de Dewey | ECB - SUDOESTE | ECB - SUDOESTE | 11/12/2015 | 4 | P Year 5 028 | 00019014SSW | 17/06/2024 | 23/01/2024 | Livros | 13/05/2024 | ||||
| Classificação Decimal de Dewey | ECB - SUDOESTE | ECB - SUDOESTE | 19/09/2014 | P Year 5 028 | 00010316SSW | 23/01/2024 | 23/01/2024 | Livros | ||||||
| Classificação Decimal de Dewey | ECB - ÁGUAS CLARAS | ECB - ÁGUAS CLARAS | 04/11/2013 | AP Year 5 028 VIL | 00006065AGC | 23/01/2024 | 23/01/2024 | Livros | ||||||
| Classificação Decimal de Dewey | ECB - ÁGUAS CLARAS | ECB - ÁGUAS CLARAS | 23/10/2015 | 5 | AP Year 5 028 VIL | 00017262AGC | 21/06/2024 | 23/01/2024 | Livros | 14/06/2024 | ||||
| Classificação Decimal de Dewey | ECB - ÁGUAS CLARAS | ECB - ÁGUAS CLARAS | 19/06/2015 | 3 | AP Year 5 028 VIL | 00015873AGC | 26/04/2024 | 23/01/2024 | Livros | 15/04/2024 |